| 000 | 00768nam a2200217Ii 4500 | ||
|---|---|---|---|
| 003 | JO-AjNU | ||
| 008 | 230606s9999||||xx |||||||||||||| ||und|| | ||
| 020 | _a978-0-7844-1047-9 | ||
| 040 |
_aJO-AjNU _beng _erda _cJO-AjNU |
||
| 041 | _aeng | ||
| 050 | 1 | 4 | _aTE278.P447 2009 |
| 100 | 3 |
_aCeylan, Halil, kasthurirangan goplakrishnan, _eauthor _95082 |
|
| 245 | 0 | 0 | _aperformance Modeling and Evalution of pavement systems and materials |
| 264 | 3 | 1 | _aAmerican :asce ,2009 |
| 300 | _a206p | ||
| 336 |
_atext _btxt _2rdacontent |
||
| 337 |
_aunmediated _bn _2rdamedia |
||
| 338 |
_avolume _bnc _2rdacarrier |
||
| 490 | 0 | _a Geotechnical special publication ; no. 19 | |
| 650 | 4 |
_aPavements, Asphalt concrete -- Design and construction -- Evaluation -- Congresses. _95083 |
|
| 999 |
_aE2628 _c2626 _d2626 |
||